Statistics for Countries That Have Beaten United States At FIFA World Cup

Click here to take the quiz!

General Stats

  • This quiz has been taken 38 times
  • The average score is 15 of 20

Answer Stats

YearScoreCountry% Correct
19301 - 6Argentina
100%
20140 - 1Germany
97%
20020 - 1Germany
97%
19980 - 2Germany
97%
19900 - 1Italy
97%
19341 - 7Italy
97%
19501 - 3Spain
97%
19940 - 1Brazil
94%
20221 - 3Netherlands
85%
20141 - 2Belgium
82%
20021 - 3Poland
79%
19502 - 5Chile
73%
19981 - 2Iran
67%
19901 - 2Austria
61%
19980 - 1Yugoslavia
58%
19901 - 5Czechoslovakia
55%
19940 - 1Romania
55%
20061 - 2Ghana
52%
20101 - 2Ghana
52%
20060 - 3Czech Republic
48%

Score Distribution

Percentile by Number Answered

Percent of People with Each Score

Your Score History

You have not taken this quiz